000 01153cam a22002894a 4500
090 _c0
001 12619573
005 20021127100302.0
008 011213s2003 ohua 001 0 eng
010 _a 2001057796
020 _a0324650736
020 _a9780324650730
040 _aDLC
_cDLC
_dDLC
042 _apcc
082 0 0 _a658.1511
_221
_bJAC
100 1 _aJackson, Steve,
_d1945-
245 1 0 _aManagerial accounting :
_bA focus on decision making /
_cSteve Jackson, Roby Sawyers...[et. al.]
250 _a4th ed.
_bInternational student edition.
260 _aAustralia :
_bSouth-Western/Thomson Learning,
_cc2008.
300 _axviii, 590 p. :
_bill. col. ;
_c29 cm.
500 _aIncludes index.
650 0 _aManagerial accounting.
700 1 _aSawyers, Roby.
942 _2ddc
_cBB
999 _c10655
_d10655